Sistemas de comunicación /

Contiene: La Comunicación; Teoría de la Comunicación; La Percepción de los Lenguajes; La Imagen y las Imágenes; El Lenguaje Natural Humano; La Literatura; La Escritura y las Escrituras; Teoría de la Comunicación.

Furkejuvvon:
Bibliográfalaš dieđut
Váldodahkki: Urrutia, Jorge (autor)
Materiálatiipa: Girji
Giella:espánnjágiella
Almmustuhtton: Barcelona, España : Planeta, 1975
Fáttát:
Fáddágilkorat: Lasit fáddágilkoriid
Eai fáddágilkorat, Lasit vuosttaš fáddágilkora!

MARC

LEADER 00000nam^a2200000^a^4500
001 000000070
005 20260624000000.0
009 20260625154310.786
020 |a 84-320-2617-4 
037 |a Acervo ITESO - Biblioteca 
041 |a ESP 
082 |a 302. 2  |b URR 
100 |a Urrutia, Jorge  |e (autor) 
245 1 0 |a Sistemas de comunicación /  |c J. Urrutia. 
264 1 |a Barcelona, España :  |b Planeta,  |c 1975 
300 |a 152 p. 
336 |a texto  |b txt  |2 rdacontenido 
337 |a sin mediación  |b n  |2 rdamedio 
338 |a volumen  |b nc  |2 rdasoporte 
520 |a Contiene: La Comunicación; Teoría de la Comunicación; La Percepción de los Lenguajes; La Imagen y las Imágenes; El Lenguaje Natural Humano; La Literatura; La Escritura y las Escrituras; Teoría de la Comunicación. 
649 |a XX 
650 |a Comunicación -  |x Teoría 
650 |a Lenguaje y Lenguas 
650 |a Comunicación Visual 
650 |a Comunicación Escrita 
910 |a Fondo General 
920 |a Impresos - Libros 
930 |a Colección General 
905 |a 101 
901 |a 0000700100  |b IT1  |c ACC  |i 000070  |u 20260624 
902 |a https://opac.biblio.iteso.mx/vufind/Record/000000070